000 00998 a2200301 4500
003 Nust
005 20170207154049.0
020 _a0-306-47044-6 (electronic bk.)
020 _a978-0-306-47044-8 (electronic bk.)
035 _a(OCoLC)50322388
035 _a(OCoLC)ocm50322388
040 _cNust
082 0 4 _a006.4
245 0 0 _aBiometrics personal identification in networked society(E-BOOK)
_cedited by Anil K. Jain and Ruud Bolle and Sharath Pankanti.
260 _aNew York :
_bKluwer,
_cc2002.
300 _ax, 411 p. :
_bill. (some col.) ;
_c25 cm.
440 4 _aThe Kluwer international series in engineering and computer science ;
_vSECS 479
650 0 _aBiometric identification.
650 0 _aComputer vision.
650 0 _aIdentification
_xAutomation.
650 0 _aPattern recognition systems.
651 _aE-BOOK
655 7 _aElectronic books.
700 1 _aBolle, Ruud.
700 1 _aJain, Anil K.,
_d1948-
700 1 _aPankanti, Sharath.
710 2 _aNetLibrary, Inc.
942 _2ddc
_cBK
999 _c193011
_d193011